Bundesliga - Nacionalidades 2025/26 - Estadísticas

Estadísticas generales
  • Esta prueba ha sido intentada 596 veces
    24 desde el último reinicio
  • La puntuación promedio es 50 de 62
Estadísticas de respuestas
Jugador Federación % Correcto
211 Musiala Alemania
100%
5 Palacios Argentina
100%
27 Laimer Austria
100%
1 Luis Díaz Colombia
100%
4 Min-jae Kim Corea del Sur
100%
5 Grimaldo España
100%
26 Olise Francia
100%
6 Kane Inglaterra
100%
15 Doan Japón
100%
8 Nusa Noruega
100%
9 Silva Portugal
100%
6 Maksimovic Serbia
100%
14 Kobel Suiza
100%
9 Rômulo Brasil
95%
2 Davies Canadá
95%
17 Harder Dinamarca
95%
3 Koulierakis Grecia
95%
1 Guirassy Guinea
95%
3 El Khannouss Marruecos
95%
6 Larsson Suecia
95%
8 Uzun Turquía
95%
11 Bakayoko Bélgica
90%
6 Demirovic Bosnia y Herzegovina
90%
9 Vuskovic Croacia
90%
11 Tillman Estados Unidos
90%
3 Grifo Italia
90%
11 Poku Países Bajos
90%
6 Schick República Checa
90%
5 Amoura Argelia
86%
1 Arévalo Ecuador
86%
2 Jóhannesson Islandia
86%
8 Tella Nigeria
86%
6 Kaminski Polonia
86%
2 Kofane Camerún
81%
1 Megeed Egipto
81%
1 Vavro Eslovaquia
81%
4 Adjetey Ghana
81%
4 Dárdai Hungría
81%
2 Jackson Senegal
81%
1 Smarkalev Bulgaria
76%
2 Diomande Costa de Marfil
76%
1 Burke Escocia
76%
1 Chávez Perú
76%
2 Tapsoba Burkina Faso
71%
2 Hein Estonia
71%
2 Gocholeishvili Georgia
71%
5 Asllani Kosovo
71%
1 Becker Surinam
71%
3 Metcalfe Australia
67%
1 Stevens Gales
67%
1 Traoré Malí
67%
2 Gharbi Túnez
67%
1 Bogdanov Ucrania
67%
1 Silas República Democrática del Congo
62%
1 Bebou Togo
62%
1 Diks Indonesia
48%
2 Sinani Luxemburgo
48%
1 Dahoud Siria
48%
1 Hountondji Benín
43%
1 Elfadli Libia
43%
2 Ceesay Gambia
38%
1 Omari Comoras
10%
No se encontraron pruebas coincidentes
Distribución de puntuación
Porcentaje de gente con cada puntuación
Porcentaje por número respondido
Historial de tus puntuaciones
No has intentado esta prueba desde el último reinicio